LEADER 03862nam 2200541 450 001 9910480878603321 005 20170821165306.0 010 $a0-309-26758-7 035 $a(CKB)3710000000103220 035 $a(SSID)ssj0001048479 035 $a(PQKBManifestationID)11992779 035 $a(PQKBTitleCode)TC0001048479 035 $a(PQKBWorkID)10997140 035 $a(PQKB)10242699 035 $a(MiAaPQ)EBC3379078 035 $a(EXLCZ)993710000000103220 100 $a20130924h20132013 uy| 0 101 0 $aeng 135 $aurcnu|||||||| 181 $ctxt 182 $cc 183 $acr 200 00$aMaterials and manufacturing capabilities for sustaining defense systems $esummary of a workshop /$fRobert J. Katt, rapporteur ; Defense Materials Manufacturing and Infrastructure Standing Committee, Division on Engineering and Physical Sciences, National Research Council of the National Academies 210 1$aWashington :$cNational Academies Press,$d[2013] 210 4$d©2013 215 $a1 online resource (85 pages) $ccolor illustrations 300 $aBibliographic Level Mode of Issuance: Monograph 311 $a0-309-26757-9 311 $a0-309-26754-4 320 $aIncludes bibliographical references. 330 $a"The Standing Committee on Defense Materials Manufacturing and Infrastructure (DMMI) conducted a workshop on July 23-24, 2012, to share information and gather perspectives on issues concerning Materials and Manufacturing Capabilities for Sustaining Defense Systems. This workshop, held at the headquarters building of the National Academies, 2101 Constitution Avenue N.W., Washington D.C., was conducted according to the procedures of the National Research Council (NRC) for a convening activity. That is, all workshop participants including presenters, members of the DMMI standing committee, Reliance 21, invited guests, and visitors spoke as individuals, and no overall findings, conclusions, or recommendations were developed during or as a result of the workshop. All statements and views summarized in this publication are attributable only to those individuals who expressed them. It is worth noting that the sponsor, Reliance 21, is a Department of Defense group of professionals that was established to enable the DOD science and technology (S&T) community to work together to enhance Defense S&T programs, eliminate unwarranted duplication, and strengthen cooperation among the military services and other DOD agencies. The DMMI standing committee named a workshop planning group to develop the workshop agenda and decide on invited guests and presenters, in accordance with the statement of task approved by the Governing Board of the NRC. The planning group also consulted with the Reliance 21 materials and processing community of interest. The presentations and discussions during the workshop are summarized sequentially in the main part of this report. As an aid to readers, nine themes have been identified by the author that recurred in multiple presentations and discussions.-- Publisher's summary. 606 $aDefense industries$zUnited States$vCongresses 606 $aDefense industries$zUnited States$xManagement$vCongresses 606 $aDefense industries$zUnited States$xQuality control$vCongresses 608 $aElectronic books. 615 0$aDefense industries 615 0$aDefense industries$xManagement 615 0$aDefense industries$xQuality control 676 $a338.4/735500973 702 $aKatt$b Robert J. 712 02$aNational Academies (U.S.).$bCommittee on Defense Materials Manufacturing and Infrastructure, 801 0$bMiAaPQ 801 1$bMiAaPQ 801 2$bMiAaPQ 906 $aBOOK 912 $a9910480878603321 996 $aMaterials and manufacturing capabilities for sustaining defense systems$92262719 997 $aUNINA LEADER 05693nam 22006491c 450 001 9910451357703321 005 20200115203623.0 010 $a1-4725-5939-8 010 $a1-280-80095-X 010 $a9786610800957 010 $a1-84731-207-1 024 7 $a10.5040/9781472559395 035 $a(CKB)1000000000338508 035 $a(EBL)285447 035 $a(OCoLC)181845769 035 $a(SSID)ssj0000273351 035 $a(PQKBManifestationID)12063444 035 $a(PQKBTitleCode)TC0000273351 035 $a(PQKBWorkID)10313682 035 $a(PQKB)10113327 035 $a(MiAaPQ)EBC1772712 035 $a(MiAaPQ)EBC285447 035 $a(OCoLC)1138520639 035 $a(UtOrBLW)bpp09255701 035 $a(Au-PeEL)EBL285447 035 $a(EXLCZ)991000000000338508 100 $a20140929d2003 uy 0 101 0 $aeng 135 $aur|n|---||||| 181 $ctxt 182 $cc 183 $acr 200 00$aWomen in the world's legal professions $fedited by Ulrike Schultz and Gisela Shaw 205 $a1st ed. 210 1$aOxford $aPortland, Oregon $cHart Publishing $d2003. 215 $a1 online resource (544 p.) 225 1 $aOnati international series in law and society 300 $aDescription based upon print version of record. 311 $a1-84113-319-1 320 $aIncludes bibliographical references 327 $aIntroduction: Women in the World's Legal Professions: Overview and Synthesis -- Ulrike Schultz -- PART 1. WOMEN LAWYERS IN THE COMMON LAW WORLD -- 1. Gender and the Profession: An American Perspective -- Deborah Rhode -- 2. The Effect of Lawyer Gender on Client Perceptions of Lawyer Behaviour -- William Felstiner et al -- 3. Gender in Context: Women in Family Law -- Lynn Mather -- 4. Barriers to Gender Equality in the Canadian Legal Establishment -- Fiona M Kay and Joan Brockman -- 5. Engendering the Legal Profession: The Education Strategy -- Mary Jane Mossman -- 6. Women in the Legal Profession: The Australian Profile -- Rosemary Hunter -- 7. Women Barristers and Gender Difference in Australia -- Rosemary Hunter -- 8. New Zealand Women Lawyers at the End of the Twentieth Century -- Georgina Murray -- 9. The Status of Women Lawyers in the United Kingdom -- Clare MS McGlynn -- 10. Strategies for Reforming the English Solicitors' Profession: An Analysis of the Business Case for Sex Equality -- Clare MS McGlynn -- 11. Prospects for Parity: The Position of Women in the Judiciary in England and Wales -- Kate Malleson -- 12. Can Women Lawyer Differently? A Perspective from the UK -- Hilary Sommerlad -- 13. The Remains of the Day: The Women Law Professors Project -- Celia Wells -- 14. Lawyers in the Courtroom: Gender,Trials and Professional Performance in Israel -- Bryna Bogoch -- PART 2. WOMEN LAWYERS IN THE CIVIL LAW WORLD -- 15. The Status of Women Lawyers in Germany -- Ulrike Schultz -- 16. Women Lawyers in Germany: Perception and Construction of Femininity -- Ulrike Schultz -- 17. Women Lawyers in the New Federal States of Germany: From Quantity to Quality? -- Gisela Shaw -- 18. Women in the Dutch Legal Profession (1950-2000) -- Leny E de Groot-van Leuwen -- 19. Choices in Context: Life Histories of Women Lawyers in the Netherlands -- Heleen FP Ietswaart -- 20. Women Lawyers in Poland under the Impact of Post-1989 Transformation -- Ma?gorzata Fuszara -- 21. Women Jurists in Finland at the Turn of the Century: Breakthrough or Intermezzo? -- Harriet Silius -- 22. Male Strategies in the Face of the Feminisation of a Profession: The Case of the French Judiciary -- Anne Boigeol -- 23. Professional Body and Gender Difference in Court: The Case of the First (Failed) Woman Lawyer in Modern Italy -- Vittorio Olgiati -- 24. Women in the Judiciary: A Perspective from Brazil -- Eliane Botelho Junqueira -- 25. Lee Tai-Young (1914-1998): The Pioneer Woman Lawyer of South Korea -- Haesook Kim -- 26. Women Lawyers in Japan: Contradictory Factors in Status -- Yuriko Kaminaga and Jo?rn Westhoff 330 8 $aWomen lawyers,less than a century ago still almost a contradiction in terms, have come to stay. Who are they? Where are they? What impact have they had on the profession that had for so long been a bastion of male domination? These are key questions asked in this first comprehensive study of women in the world's legal professions. Answers are based on both quantitative and qualitative analyses, using a variety of conceptual frameworks. 26 contributions by 25 authors present and evaluate the situation of women in the legal profession in both common and civil law countries in the developed world. 15 countries from four continents are covered: the United States of America, Canada, Australia, New Zealand, England, Israel, Germany, the Netherlands, Poland, Finland, France, Italy, Brazil, Korea, and Japan. The focus ranges from judges and public prosecutors, to law professors, lawyers (attorneys), notaries and company lawyers. National differences are clearly in evidence, but so are common features cutting across national boundaries. Experience of glass ceilings and revolving doors is as widespread and as real as success stories of women lawyers pursuing their own projects 410 0$aOnati international series in law and society. 606 $aWomen lawyers 606 $2Legal profession: general 608 $aElectronic books. 615 0$aWomen lawyers. 676 $a340.082 702 $aSchultz$b Ulrike 702 $aShaw$b Gisela 801 0$bUtOrBLW 801 1$bUtOrBLW 801 2$bUkLoBP 906 $aBOOK 912 $a9910451357703321 996 $aWomen in the world's legal professions$92466033 997 $aUNINA LEADER 05309nam 2200661 450 001 9910830272303321 005 20230721030237.0 010 $a1-280-85461-8 010 $a9786610854615 010 $a3-527-61021-9 010 $a3-527-61022-7 035 $a(CKB)1000000000376142 035 $a(EBL)481925 035 $a(OCoLC)123965153 035 $a(SSID)ssj0000220076 035 $a(PQKBManifestationID)11199288 035 $a(PQKBTitleCode)TC0000220076 035 $a(PQKBWorkID)10142299 035 $a(PQKB)11202740 035 $a(MiAaPQ)EBC481925 035 $a(EXLCZ)991000000000376142 100 $a20160816h20072007 uy 0 101 0 $aeng 135 $aur|n|---||||| 181 $ctxt 182 $cc 183 $acr 200 10$aPersonal care compounds in the environment $epathways, fate and methods for determination /$fKai Bester ; with contributions of Stefan Weigel, Michael P. Schlusener and Jens A. Andresen 210 1$aWeinheim, [Germany] :$cWiley-VCH Verlag GmbH & Co. KGaA,$d2007. 210 4$d©2007 215 $a1 online resource (265 p.) 300 $aDescription based upon print version of record. 311 $a3-527-31567-5 320 $aIncludes bibliographical references and index. 327 $aPersonal Care Compounds in the Environment; Contents; Preface; Acknowledgments; List of Contributors; List of Abbreviations; 1 Introduction; 1.1 General Considerations; 1.2 Introduction to Sewage Treatment Plant Functions; 1.3 Enantioselective Analysis in Environmental Research; 1.3.1 Enantioselective Gas Chromatography Techniques; 1.3.1.1 Applications of Enantioselective Gas Chromatography; 1.3.1.2 New Developments; 1.3.2 Enantioselective HPLC; 1.3.2.1 Applications of Enantioselective HPLC; 2 Environmental Studies: Sources and Pathways; 2.1 Synthetic Fragrance Compounds in the Environment 327 $a2.1.1 Polycyclic Musk Fragrances in Sewage Treatment Plants2.1.1.1 Experimental Background; 2.1.1.2 Mass Balance Assessment; 2.1.1.3 Multi-step Process Study on Polycyclic Musks; 2.1.2 Polycyclic Musk Fragrances in Diverse Sludge Samples; 2.1.3 Polycyclic Musk Fragrances in Surface Waters; 2.1.3.1 Experimental Methods; 2.1.3.2 Results and Discussion; 2.1.4 Polycyclic Musk Fragrances in the North Sea; 2.1.5 OTNE and Other Fragrances in the Environment; 2.1.5.1 Methods; 2.1.5.2 Results and Discussion; 2.1.6 Other Fragrances: Nitroaromatic Musks and Macrocyclic Musks 327 $a2.1.7 Behavior of Polycyclic and Other Musk Fragrances in the Environment2.2 The Bactericide Triclosan and Its Transformation Product Methyl Triclosan in the Aquatic Environment; 2.2.1 Bactericides from Personal Care Products in Sewage Treatment Plants; 2.2.1.1 Materials and Methods; 2.2.1.2 Triclosan Balances in a Sewage Treatment Plant; 2.2.1.3 Triclosan in Multi-step Processes in Sewage Treatment Plants; 2.2.2 Triclosan in Sewage Sludge; 2.2.3 Triclosan in Surface Waters; 2.2.3.1 Estimation of Elimination Constants for Triclosan in a River 327 $a2.2.4 Discussion on Triclosan and Methyl Triclosan in the Environment2.3 UV Filters/Sunscreens; 2.3.1 Endocrine Properties of UV Filters; 2.3.2 UV Filters in Aquatic Ecosystems; 2.3.3 Enantioselective Considerations for UV Filters; 2.4 Organophosphate Flame-retardants and Plasticizers; 2.4.1 Introduction; 2.4.1.1 Flame-retardants; 2.4.1.2 Organophosphate Plasticizers; 2.4.2 The Organophosphate Flame-retardant TCPP in a Sewage Treatment Plant; 2.4.2.1 Materials and Methods; 2.4.2.2 Mass Balance Assessment for TCPP in a Sewage Treatment Plant; 2.4.2.3 TCPP in Sludge Monitoring 327 $a2.4.2.4 Evaluation of the TCPP Data2.4.3 Organophosphate Flame-retardants and Plasticizers in Multi-step Sewage Treatment; 2.4.3.1 Materials and Methods; 2.4.3.2 Results and Discussion; 2.4.3.3 Conclusions; 2.4.4 Organophosphorus Flame-retardants and Plasticizers in Surface Waters; 2.4.4.1 Materials and Methods; 2.4.4.2 Results and Discussion; 2.4.5 Organophosphates in Drinking Water Purification; 2.4.5.1 Materials and Methods; 2.4.5.2 Results; 2.4.5.3 Conclusions; 2.4.6 Organophosphates and Other Compounds in the North Sea and Lake Ontario: A Comparison; 2.4.6.1 Materials and Methods 327 $a2.4.6.2 Results and Discussion 330 $aHere, the most important classes of toxic chemicals from personal care compounds are systematically covered, from cosmetics to plastics additives to pharmaceuticals. For each substance, data on toxicity and bioaccumulation in various ecosystems are given.This first comprehensive treatment of personal care environmental toxins is rounded off by a discussion of strategies in wastewater treatment to control and remove these substances. 606 $aToilet preparations$xToxicology 606 $aBleaching materials$xToxicology 615 0$aToilet preparations$xToxicology. 615 0$aBleaching materials$xToxicology. 676 $a363.738 676 $a615.907 700 $aBester$b Kai$01652371 702 $aWeigel$b Stefan 702 $aSchlusener$b Michael P. 702 $aAndresen$b Jens A. 801 0$bMiAaPQ 801 1$bMiAaPQ 801 2$bMiAaPQ 906 $aBOOK 912 $a9910830272303321 996 $aPersonal care compounds in the environment$94002978 997 $aUNINA LEADER 03128oas 2201225 a 450 001 9910384448003321 005 20260127110049.0 011 $a1932-7420 035 $a(DE-599)ZDB2174469-5 035 $a(OCoLC)57535828 035 $a(CONSER) 2006268252 035 $a(CKB)111088195284928 035 $a(DE-599)2174469-5 035 $a(EXLCZ)99111088195284928 100 $a20050131a20059999 sy a 101 0 $aeng 135 $aurcnu|||||||| 181 $ctxt$2rdacontent 182 $cc$2rdamedia 183 $acr$2rdacarrier 200 00$aCell metabolism 210 $a[Cambridge, MA] $cCell Press$d[2005]- 215 $a1 online resource (volumes) $cillustrations 300 $aRefereed/Peer-reviewed 300 $aTitle from journal contents page (publisher's Web site, viewed June 30, 2006). 311 08$a1550-4131 531 0 $aCell metab. 606 $aCell metabolism$vPeriodicals 606 $aCells$xmetabolism 606 $aMetabolic Diseases 606 $aHomeostasis 606 $acells 606 $ametabolism 606 $ametabolic diseases 606 $ahomeostasis 606 $aCellules$xMe?tabolisme$vPe?riodiques 606 $aCell metabolism$2fast$3(OCoLC)fst00850203 606 $aMetabolisme cel·lular$vRevistes$2lemac 606 $aCitologia$vRevistes$2lemac 606 $aHomeòstasi$vRevistes$2lemac 606 $aMe?tabolisme cellulaire$2rasuqam 608 $aPeriodical. 608 $aInternet resource. 608 $aperiodicals.$2aat 608 $aPeriodicals.$2fast 608 $aPeriodicals.$2lcgft 608 $aPe?riodique e?lectronique (Descripteur de forme)$2rasuqam 608 $aRessource Internet (Descripteur de forme)$2rasuqam 608 $aPe?riodiques.$2rvmgf 615 0$aCell metabolism 615 2$aCells$xmetabolism. 615 2$aMetabolic Diseases. 615 2$aHomeostasis. 615 3$acells. 615 3$ametabolism. 615 3$ametabolic diseases. 615 3$ahomeostasis. 615 6$aCellules$xMe?tabolisme 615 7$aCell metabolism. 615 7$aMetabolisme cel·lular 615 7$aCitologia 615 7$aHomeòstasi 615 17$aMe?tabolisme cellulaire. 676 $a572 801 0$bRBN 801 1$bRBN 801 2$bOCLCQ 801 2$bMUQ 801 2$bMXC 801 2$bNSD 801 2$bUQ1 801 2$bNSD 801 2$bOCLCQ 801 2$bUKMGB 801 2$bOCLCQ 801 2$bOCLCO 801 2$bOCLCF 801 2$bVT2 801 2$bOCLCQ 801 2$bBUF 801 2$bU3W 801 2$bEZC 801 2$bNJR 801 2$bAU@ 801 2$bOCLCO 801 2$bWYU 801 2$bBWN 801 2$bAGL 801 2$bOCLCQ 801 2$bOCLCO 801 2$bOCLCQ 801 2$bUAB 801 2$bOCLCQ 801 2$bUUM 801 2$bSFB 801 2$bLVT 801 2$bQGK 801 2$bWURST 801 2$bSCB 801 2$bOCLCL 801 2$bOCLCQ 906 $aJOURNAL 912 $a9910384448003321 996 $aCell metabolism$91412501 997 $aUNINA